| 000 | 00631nam a2200241Ia 4500 | ||
|---|---|---|---|
| 001 | 36285 | ||
| 005 | 20240114001849.0 | ||
| 007 | ta | ||
| 008 | 070413s1971 a g b000 u 465 u | ||
| 040 | _aCotton College,Assam | ||
| 041 | _a465 | ||
| 082 |
_a651.4 _bSh 84 Se |
||
| 100 | _aSherlekar, S.A. . | ||
| 245 | 0 |
_aSecretarial Practice / _cS.A.Sherlekar. _hTextual Documents |
|
| 250 | _a12th ed. / | ||
| 260 |
_aAllahabad : _bKitab mahal , _c1971. |
||
| 300 |
_a520p. : _bill ; _c22cm . |
||
| 653 | _aSecretarial Practice | ||
| 653 | _aG-Technology | ||
| 942 |
_2ddc _cBK |
||
| 999 |
_c36267 _d36267 |
||